000 00705nam a2200229 i 4500
001 19438
003 ES-MaACL
005 20230906152109.0
007 t|
008 020826s2001 sp |||| | eng d
020 _a84-7477-795-X
080 _a811.111(076)
100 1 _aGarcía de Andrés, Paulino.
_954404
245 1 0 _aFamous tales and stories for perfomance /
_cPaulino García de Andrés.
260 _aMadrid :
_bUniversidad Autónoma de Madrid,
_c[2001]
300 _a72 p. ;
_c30 cm.
490 1 _aDocumentos de trabajo ;
_v45
650 1 4 _aLengua inglesa-
_vLecturas.
_914279
830 0 _aDocumentos de trabajo ;
_v45
_9180609
852 _aES-MaACL
_jL-25871
999 _c19438
_d19438